000 00697nam a2200217Ii 4500
003 JO-AjNU
008 230605s9999||||xx |||||||||||||| ||und||
017 _a1997/1/111
040 _aJO-AjNU
_bara
_erda
_cJO-AjNU
041 _aara
050 1 4 _aJX6278.T34.1997
100 3 _aموسى ، طالب حسن ,
_eauthor
_947078
245 0 0 _aالموجز في قانون التجارة الدولية
250 _aط1
264 3 1 _aعمان : دار الثقافة للنشر ، 1997
300 _a332ص
336 _atext
_btxt
_2rdacontent
337 _aunmediated
_bn
_2rdamedia
338 _avolume
_bnc
_2rdacarrier
650 4 _aعلوم اجتماعية -- قانون تجاري
_947079
999 _aA20526
_c24094
_d24094